000
00286 a2200121 4500
001
34260
082
_a
211.6 SIB
090
_c
22671
_d
22671
100
_a
Sibte Hasan
245
_a
battle of ideas in Pakistan
260
_a
Karachi
_b
Pakistan Publishing House
_c
1989
300
_a
282 p
942
_a
NUST-CAE
_k
211.6 SIB
999
_c
269333
_d
269333